Bandas e cantores internacionais no Rock in Rio - Statistics

Estatísticas Gerais
  • Esse quiz foi jogado 575 vezes
    321 desde o último reset
  • A pontuação média é 27 de 134
Estatísticas das Respostas
Edição País Música famosa Banda/Artista % Correto
1985, 2015 Reino Unido Love of My Life Queen
73%
2011, 2015 EUA I Kissed A Girl Katy Perry
72%
2011, 2015 Barbados Umbrella Rihanna
72%
2022 Cuba Havana Camila Cabello
63%
1991, 2015 Noruega Take On Me A-Ha
61%
1991, 2001, 2011, 2017, 2022 EUA Sweet Child O'Mine Guns N' Roses
61%
2022 Canadá Love Yourself Justin Bieber
57%
2011, 2013, 2015 EUA Master of Puppets Metallica
57%
2011, 2022 Reino Unido Clocks Coldplay
55%
2013 EUA If I Were a Boy Beyoncé
52%
2011 EUA Tik Tok Ke$ha
52%
2001 EUA Baby One More Time Britney Spears
51%
2019 EUA Demons Imagine Dragons
51%
1985 Austrália Hells Bells AC/DC
49%
2011 EUA Bring Me to Life Evanescence
49%
2017 EUA Dream On Aerosmith
47%
2022 Itália Beggin' Måneskin
46%
2013, 2017 EUA Can't Stop the Feeling Justin Timberlake
45%
2011 Colômbia Loca Shakira
45%
2017 Canadá Stitches Shawn Mendes
44%
2022 EUA Boulevard Of Broken Dreams Green Day
43%
2011, 2017 EUA She Will Be Loved Maroon 5
42%
2022 Reino Unido Pompeii Bastille
40%
2019 Canadá Hotline Bling Drake
39%
2001 EUA Losing My Religion R.E.M.
37%
2013, 2017, 2019 EUA Always Bon Jovi
36%
1985, 2019 Alemanha Wind of Change Scorpions
34%
1991 EUA Purple Rain Prince
33%
2001, 2011, 2017, 2019 EUA Under the Bridge Red Hot Chili Peppers
33%
2011, 2015 EUA B.Y.O.B. System of a Down
33%
2013, 2019 Reino Unido Price Tag Jessie J
32%
1991 Reino Unido Careless Whisper George Michael
31%
2015 Reino Unido Stay With Me Sam Smith
31%
2001 Reino Unido Don't Look Back in Anger Oasis
30%
2013, 2017 EUA No One Alicia Keys
29%
2011, 2015 EUA Before I Forget Slipknot
29%
2019 EUA Where Is the Love? Black Eyed Peas
28%
2019 EUA Iris Goo Goo Dolls
28%
1985, 2001, 2013, 2019, 2022 Reino Unido Hallowed Be Thy Name Iron Maiden
28%
2001 EUA Bye Bye Bye *NSYNC
28%
1985 Reino Unido Crazy Train Ozzy Osbourne
28%
2017 EUA Big Girls Don't Cry Fergie
26%
2001, 2019 EUA The Pretender Foo Fighters
26%
2022 EUA Circles Post Malone
26%
2022 EUA Skyscraper Demi Lovato
25%
2019 Reino Unido Love Me Like You Do Ellie Goulding
25%
2013 EUA Man In The Box Alice in Chains
24%
2011 Reino Unido Ace of Spades Motörhead
24%
2013, 2019 Canadá How You Remind Me? Nickelback
24%
2019 EUA Raise Your Glass P!nk
24%
2013 EUA Born in the U.S.A. Bruce Springsteen
23%
2019 EUA I Write Sins Not Tragedies Panic! At the Disco
23%
2017 Reino Unido Baba O'Riley The Who
23%
2013 Reino Unido Dog Days Are Over Florence and the Machine
22%
2011, 2015 Reino Unido Your Song Elton John
21%
2015 EUA Apologize OneRepublic
21%
2015, 2019 Reino Unido Kiss From a Rose Seal
21%
1991, 2022 Reino Unido Dancing With Myself Billy Idol
20%
2017, 2022 EUA Centuries Fall Out Boy
19%
2022 EUA Wiggle Jason Derulo
19%
2013, 2019 Reino Unido Supermassive Black Hole Muse
17%
2011 EUA I Just Called To Say I Love You Stevie Wonder
17%
2022 Reino Unido Hallucinate Dua Lipa
16%
1991 EUA Hangar 18 Megadeth
16%
2013, 2017 EUA Kings and Queens 30 Seconds to Mars
14%
1991 Reino Unido Painkiller Judas Priest
14%
2011 EUA Fly Away Lenny Kravitz
14%
2017 Austrália Amnesia 5 Seconds of Summer
13%
2013 EUA Afterlife Avenged Sevenfold
13%
1991, 2015 EUA Epic Faith No More
12%
2015 EUA Kickstart My Heart Mötley Crüe
12%
2013, 2017, 2022 EUA Self Esteem The Offspring
12%
1991 México Black Magic Woman Carlos Santana
11%
1991 EUA Step By Step New Kids On The Block
11%
2001, 2015 EUA No One Knows Queens of the Stone Age
11%
1985, 2015 Reino Unido I Don't Want to Talk About It Rod Stewart
11%
2017 Reino Unido Shout Tears for Fears
11%
1985 Reino Unido Owner of a Lonely Heart Yes
11%
2011 México Vivir Sin Aire Maná
10%
2017 Reino Unido It's a Sin Pet Shop Boys
10%
1991 Austrália Never Tear Us Apart INXS
9%
2013 EUA Your Body is a Wonderland John Mayer
9%
2022 EUA Savage Megan Thee Stallion
9%
2013 Suécia Secular Haze Ghost
8%
2015, 2022 França Flying Whales Gojira
8%
2022 EUA Silence Marshmello
8%
2011 Reino Unido Open Your Eyes Snow Patrol
8%
1985 Reino Unido Love Ain't No Stranger Whitesnake
8%
2019 EUA I Got You Bebe Rexha
7%
2013 França Love is Gone David Guetta
7%
2017 EUA Drive Incubus
7%
2011 Reino Unido Cosmic Girl Jamiroquai
7%
2022 EUA Pull Me Under Dream Theater
5%
2013, 2019 Alemanha Eagle Fly Free Helloween
5%
1985 EUA You've Got a Friend James Taylor
5%
1985 Alemanha African Reggae Nina Hagen
5%
2022 Reino Unido How We Do (Party) Rita Ora
5%
2013, 2019 EUA War Ensemble Slayer
5%
2011 EUA Through Glass Stone Sour
5%
1985 EUA Love Shack The B-52s
5%
2017 EUA Shut Up and Dance Walk the Moon
5%
2019 EUA Beverly Hills Weezer
5%
1985 EUA We're in This Love Together Al Jarreau
4%
1991 EUA Lost in Your Eyes Debbie Gibson
4%
1991 EUA Groove is in the Heart Deee-Lite
4%
1991 Jamaica Reggae Night Jimmy Cliff
4%
1991 Reino Unido You Are So Beautiful Joe Cocker
4%
1991 EUA Silent Lucidity Queensrÿche
4%
1991 EUA It's Tricky Run-D.M.C.
4%
1985 EUA Our Lips Are Sealed The Go-Go's
4%
2015 Irlanda Breakeven The Script
4%
2001, 2019 EUA Crash Into Me Dave Matthews Band
3%
2017 Reino Unido Love Bites Def Leppard
3%
1985 EUA Give Me The Night George Benson
3%
2019 EUA Focus H.E.R.
3%
1991 EUA Repetition Information Society
3%
2011 EUA Tightrope Janelle Monáe
3%
1991 Reino Unido All Around the World Lisa Stansfield
3%
2013 EUA Unwell Matchbox 20
3%
2001 EUA Infest Papa Roach
3%
2001 Austrália Anthem for the Year 2000 Silverchair
3%
2019 EUA Tribute Tenacious D
3%
2017 EUA Blackbird Alter Bridge
2%
2015 Reino Unido You Know You Like It AlunaGeorge
2%
2011 EUA Welcome Home Coheed and Cambria
2%
1991 Austrália Waiting for My Real Life to Begin Colin Hay
2%
2015 EUA The Last Vampire Hollywood Vampires
2%
2015 EUA Oblivion Mastodon
2%
2017, 2019 EUA I Want Your Love Nile Rodgers + Chic
2%
2013 EUA Home Phillip Phillips
2%
2015 Reino Unido Little Monster Royal Blood
2%
2015 Austrália Geronimo Sheppard
2%
1991 Reino Unido Kinky Afro Happy Mondays
0%
2001 Reino Unido Crucible Rob Halford
0%
Nenhum quiz correspondente encontrado
Distribuição das Pontuações
Porcentagem de Pessoas com Cada Pontuação
Percentil de Números Respondidos
Sua Pontuação Histórica
Você não jogou esse quiz desde o último reset